Sports Quiz

Random Sports or French Quiz
Score 0/13 Timer 02:30
0 Plays Today
Region Club % Correct
Île-de-FranceParis Saint-Germain
98.9%
Auvergne-Rhône-AlpesOlympique Lyonnais
98.3%
Provence-Alpes-Côte d'AzurOlympique de Marseille
97.7%
Nouvelle-AquitaineBordeaux
95.6%
Brittany (Bretagne)Stade Rennais
93.6%
Corsica (Corse)AC Ajaccio
92.1%
Pays de la LoireFC Nantes
91.9%
Grand EstRC Strasbourg
87.4%
Normandy (Normandie)SM Caen
82.4%
OccitanieMontpellier HSC
81%
Bourgogne-Franche-ComtéDijon FCO
75.1%
Hauts-de-FranceAmiens SC
51.1%
Centre-Val de LoireLB Châteauroux
36.2%
Remove Ads.
Support Sporcle.
Get the best of Sporcle when you Go Orange. This ad-free experience offers more features, more stats, and more fun while also helping to support Sporcle. Thank you for becoming a member.

You're not logged in!

Compare scores with friends on all Sporcle quizzes.
OR
Log In

Show Comments

Extras

Top Quizzes Today


Score Distribution

Your Account Isn't Verified!

In order to create a playlist on Sporcle, you need to verify the email address you used during registration. Go to your Sporcle Settings to finish the process.

Report this User

Report this user for behavior that violates our Community Guidelines.

Details: